Hướng dẫn sử dụng tiêu chuẩn mới về dung sai & lắp ghép /

Các tiêu chuẩn Việt Nam về dung sai và lắp ghép các bề mặt trơn TCVN20 - 63, TCVN43-63 được ban hành năm 1963. Sau hơn mười năm áp dụng trong thực tế sản xuất, các tiêu chuẩn đã bước đầu đáp ứng được các yêu cầu công tác nghiên cứu, thiê...

Ful tanımlama

Kaydedildi:
Detaylı Bibliyografya
Yazar: Hà Văn Vui
Materyal Türü: Kitap
Dil:Vietnamese
Baskı/Yayın Bilgisi: H. : Viện nghiên cứu máy , 1984
Edisyon:In lần thứ 1
Konular:
Etiketler: Etiketle
Etiket eklenmemiş, İlk siz ekleyin!
Thư viện lưu trữ: Thư viện Trường CĐ Kỹ Thuật Cao Thắng
LEADER 01592nam a2200229 a 4500
001 TVCDKTCT6404
003 Thư viện trường Cao đẳng Kỹ thuật Cao Thắng
005 20070122000000
008 070122
980 \ \ |a Thư viện Trường CĐ Kỹ Thuật Cao Thắng 
024 |a RG_1 #1 eb0 i1 
041 0 # |a vie 
082 # # |a 621.82 /   |b H100V-h 
100 1 # |a Hà Văn Vui 
245 0 0 |a Hướng dẫn sử dụng tiêu chuẩn mới về dung sai & lắp ghép /  |c Hà Văn Vui 
250 # # |a In lần thứ 1 
260 # # |a H. :  |b Viện nghiên cứu máy ,  |c 1984 
300 # # |a 73tr. ;  |c 27cm 
520 # # |a Các tiêu chuẩn Việt Nam về dung sai và lắp ghép các bề mặt trơn TCVN20 - 63, TCVN43-63 được ban hành năm 1963. Sau hơn mười năm áp dụng trong thực tế sản xuất, các tiêu chuẩn đã bước đầu đáp ứng được các yêu cầu công tác nghiên cứu, thiết kế và chế tạo các sản phẩm trong ngành chế tạo máy. Song, với sự phát triển mạnh mẽ của khoa học kỹ thuật và sự hợp tác rộng rãi giữa các nước trên thế giới trong lĩnh vực này, bộ các tiêu chuẩn trên về dung sai và lắp ghép đã thể hiện nhiều nhược điểm cần khắc phục. 
650 # 4 |a Dung sai lắp ghép 
650 # 4 |a Hướng dẫn sử dụng 
650 # 4 |a Tiêu chuẩn kỹ thuật